A szegedi halászat "régi dicsőségünk, hol késel az éji homályban" - jelige : pályamunka

Elmentve itt :
Bibliográfiai részletek
Dokumentumtípus: Kézirat
Megjelent: 1933
Kulcsszavak:Halászat - Szeged
Tárgyszavak:
Online Access:http://misc.bibl.u-szeged.hu/55823
LEADER 00630ntm a2200169 i 4500
001 misc55823
005 20200511084947.0
008 200511s1933 hu o 0|| hun d
040 |a SZTE Miscellanea Repozitórium  |b hun 
041 |a hun 
245 0 2 |a A szegedi halászat   |h [elektronikus dokumentum] :  |b "régi dicsőségünk, hol késel az éji homályban" - jelige : pályamunka 
260 |c 1933 
300 |a 44 lev. 
650 4 |a Mezőgazdaság-tudományok 
650 4 |a Mezőgazdaság, erdészet, halászat 
695 |a Halászat - Szeged 
856 4 0 |u http://misc.bibl.u-szeged.hu/55823/1/misc_1933_a_szegedi_halaszat.pdf  |z Dokumentum-elérés